[Event "World Blitz Women 2023"]
[Site "Samarkand UZB"]
[Date "2023.12.30"]
[Round "14.30"]
[White "Kurmangaliyeva, Liya"]
[Black "Malikova, Marjona"]
[Result "1-0"]
[WhiteElo "2077"]
[BlackElo "1730"]
[EventDate "2023.12.29"]

1. d4 Nf6 2. c4 e6 3. Nf3 d5 4. g3 dxc4 5. Bg2 Bb4+ 6. Nc3 O-O 7. O-O c6 8.
Qa4 Bxc3 9. bxc3 b5 10. Qc2 Bb7 11. e4 Nbd7 12. e5 Nd5 13. Ng5 g6 14. Ne4
a5 15. Bh6 Re8 16. Bg5 Qc7 17. Qd2 f5 18. exf6 Nf8 19. Bh6 b4 20. Bg7 Nxc3
21. Ng5 Red8 22. Bxf8 1-0

[Event "World Blitz Women 2023"]
[Site "Samarkand UZB"]
[Date "2023.12.30"]
[Round "14.31"]
[White "Altynbek, Aiaru"]
[Black "Aktamova, Zilola"]
[Result "1-0"]
[WhiteElo "1641"]
[BlackElo "1671"]
[EventDate "2023.12.29"]

1. d4 Nf6 2. c4 e6 3. Nf3 b6 4. a3 Bb7 5. Nc3 Be7 6. Qc2 O-O 7. e4 d5 8.
cxd5 exd5 9. e5 Ne4 10. Bd3 f5 11. O-O Nd7 12. Bf4 c5 13. dxc5 Ndxc5 14.
Rad1 Nxc3 15. Qxc3 Rc8 16. Qd2 Ne4 17. Qe2 Qe8 18. Rc1 Qd7 19. Bb5 Qe6 20.
Nd4 Qg6 21. Bd7 Rxc1 22. Rxc1 Bc5 23. Qd3 Rd8 24. Bxf5 Qh5 25. Be6+ Kh8 26.
b4 Bxd4 27. Qxd4 Rf8 28. Bg3 Qg5 29. Qe3 Qg6 30. Bd7 Qf7 31. Bc6 Bxc6 32.
Rxc6 Qd7 33. Qc1 d4 34. e6 Qe7 35. Qe1 Nf6 36. Rc7 Qe8 37. e7 Rf7 38. Qe6
Nd7 39. Rxd7 Qxd7 40. Qxd7 1-0

[Event "World Blitz Women 2023"]
[Site "Samarkand UZB"]
[Date "2023.12.30"]
[Round "14.32"]
[White "Strutinskaia, Galina"]
[Black "Khamrakulova, Shakhnoza"]
[Result "1-0"]
[WhiteElo "2174"]
[BlackElo "2086"]
[EventDate "2023.12.29"]

1. d4 Nf6 2. c4 e6 3. Nc3 d5 4. Nf3 Be7 5. Bg5 O-O 6. e3 b6 7. cxd5 exd5 8.
Bd3 Bg4 9. Qc2 h6 10. Bf4 c5 11. Ne5 cxd4 12. exd4 Nbd7 13. O-O Rc8 14. h3
Be6 15. Qa4 Nh5 16. Bh2 Nxe5 17. Bxe5 a5 18. Ba6 Ra8 19. Bb7 Ra7 20. Bc6 f5
21. Nb5 Ra8 22. Bxa8 Qxa8 23. Rac1 Bd7 24. Qb3 Qe8 25. Nc7 Qg6 26. Qxd5+
Kh7 27. Qxd7 Bf6 28. Rc6 Rd8 29. Qxd8 Bxd8 30. Rxg6 Kxg6 31. Rc1 f4 32.
Rc6+ Kf5 33. Rxb6 g5 34. Rxh6 Bxc7 35. Bxc7 Nf6 36. Bxa5 1-0

[Event "World Blitz Women 2023"]
[Site "Samarkand UZB"]
[Date "2023.12.30"]
[Round "14.33"]
[White "Karimova, Guldona"]
[Black "Khamrakulova, Iroda"]
[Result "1-0"]
[WhiteElo "1547"]
[BlackElo "2132"]
[EventDate "2023.12.29"]

1. d4 d5 2. c4 e6 3. Nc3 Nf6 4. Bg5 Be7 5. e3 O-O 6. Nf3 c6 7. Rc1 Nbd7 8.
Bd3 Re8 9. O-O Nf8 10. Ne5 Ng6 11. Bxg6 hxg6 12. f4 dxc4 13. Nxc4 c5 14.
Ne5 Nd7 15. Bxe7 Qxe7 16. Nb5 Rf8 17. Qc2 cxd4 18. exd4 a6 19. Nc3 Nf6 20.
a3 Bd7 21. Ne4 Bb5 22. Rfe1 Nd5 23. Qd2 Rfd8 24. Qf2 Rac8 25. Nc5 b6 26.
Ne4 Nf6 27. Ng5 Nh7 28. Ngxf7 Rxc1 29. Rxc1 Rf8 30. a4 Be8 31. Qe2 Bxf7 32.
Nxf7 Qxf7 33. g3 Qd7 34. Qe3 Rd8 35. Rc4 Nf6 36. Rb4 a5 37. Rxb6 Qxa4 38.
Rxe6 Qxd4 39. Qxd4 Rxd4 40. Ra6 a4 41. Ra8+ Kh7 42. Ra5 Rb4 43. Kf1 Rxb2
44. Rxa4 Rxh2 45. Kg1 Rb2 46. Rc4 Nh5 47. Rc3 1-0

[Event "World Blitz Women 2023"]
[Site "Samarkand UZB"]
[Date "2023.12.30"]
[Round "14.34"]
[White "Kairbekova, Amina"]
[Black "Naisanga, Sheba Valentine"]
[Result "1-0"]
[WhiteElo "2131"]
[BlackElo "1358"]
[EventDate "2023.12.29"]

1. e4 c5 2. Nf3 e6 3. d4 cxd4 4. Nxd4 Nc6 5. Nc3 a6 6. Be3 Qc7 7. Qd2 Nf6
8. f4 d6 9. O-O-O Be7 10. Nxc6 bxc6 11. g4 Bb7 12. g5 Nd7 13. f5 e5 14. Bc4
f6 15. gxf6 gxf6 16. Rhg1 O-O-O 17. Be6 Kb8 18. Na4 Nf8 19. Bb6 Nxe6 20.
Bxc7+ Nxc7 21. Qa5 d5 22. Rg7 Rde8 23. Nc5 Rhg8 24. Qb6 Bxc5 25. Qxc7+ 1-0

[Event "World Blitz Women 2023"]
[Site "Samarkand UZB"]
[Date "2023.12.30"]
[Round "15.1"]
[White "Zhu, Jiner"]
[Black "Gunina, Valentina"]
[Result "1-0"]
[WhiteElo "2384"]
[BlackElo "2348"]
[EventDate "2023.12.29"]

1. e4 c6 2. d4 d5 3. e5 c5 4. dxc5 e6 5. Nf3 Bxc5 6. Bd3 Nc6 7. a3 f6 8. b4
Be7 9. Bb2 Nh6 10. O-O O-O 11. c4 a5 12. b5 Nxe5 13. Nxe5 fxe5 14. Bxe5 Bf6
15. Qe2 Nf7 16. Bxf6 Qxf6 17. Nd2 b6 18. cxd5 exd5 19. Rae1 Bf5 20. Bxf5
Qxf5 21. Nf3 Nd6 22. Nd4 Qf6 23. Qd3 Rfe8 24. Nc6 Qf7 25. a4 Nc4 26. Qd4 h6
27. h3 Kh8 28. f4 Rxe1 29. Rxe1 Re8 30. Rxe8+ Qxe8 31. Qxd5 Qe3+ 32. Kh1
Qc1+ 33. Kh2 Qxf4+ 34. Kh1 Ne3 35. Qd8+ Kh7 36. Qd3+ Kg8 37. Qd8+ Kf7 38.
Qd7+ Kg6 39. Qd3+ Kh5 40. Qe2+ Kg5 41. Kg1 Nf5 42. Ne5 Qxa4 43. Qd2+ Kf6
44. Nf3 Qc4 45. Qd8+ Ke6 46. Qg8+ 1-0

[Event "World Blitz Women 2023"]
[Site "Samarkand UZB"]
[Date "2023.12.30"]
[Round "15.2"]
[White "Stefanova, Antoaneta"]
[Black "Kosteniuk, Alexandra"]
[Result "1/2-1/2"]
[WhiteElo "2398"]
[BlackElo "2455"]
[EventDate "2023.12.29"]

1. d4 f5 2. g3 Nf6 3. Bg2 g6 4. Nh3 Bg7 5. O-O O-O 6. c4 Nc6 7. d5 Ne5 8.
Qc2 c6 9. Nf4 Qc7 10. Qb3 g5 11. Nd3 Nf7 12. Nc3 d6 13. e4 e5 14. dxe6 Bxe6
15. exf5 Bxf5 16. Ne2 Rae8 17. Nd4 Bg6 18. Nc2 h6 19. Be3 a6 20. Rad1 Ng4
21. Bb6 Qc8 22. Ne3 Nxe3 23. Bxe3 Be4 24. f3 Bf5 25. Bf2 Kh8 26. Rfe1 Rxe1+
27. Rxe1 Re8 28. Rxe8+ Qxe8 29. Bf1 Qd7 30. Qd1 Bh3 31. b3 Bxf1 32. Qxf1
Qe6 33. Qe1 Qxe1+ 34. Nxe1 Kh7 35. Nc2 Kg6 36. Kf1 Kf5 37. Ke2 Ne5 38. g4+
Kf6 39. h4 Ng6 40. hxg5+ hxg5 41. Bd4+ Kf7 42. Ke3 Bxd4+ 43. Nxd4 Kf6 44.
Ke4 Nf4 45. Nf5 Ke6 46. Nd4+ Kf6 47. Nf5 Ke6 48. Nd4+ 1/2-1/2

[Event "World Blitz Women 2023"]
[Site "Samarkand UZB"]
[Date "2023.12.30"]
[Round "15.3"]
[White "Koneru, Humpy"]
[Black "Garifullina, Leya"]
[Result "1-0"]
[WhiteElo "2452"]
[BlackElo "2216"]
[EventDate "2023.12.29"]

1. d4 Nf6 2. c4 e6 3. Nf3 d5 4. Nc3 Bb4 5. Bg5 h6 6. Bxf6 Qxf6 7. e3 O-O 8.
Rc1 dxc4 9. Bxc4 c5 10. O-O cxd4 11. Ne4 Qe7 12. exd4 Rd8 13. Rc2 Bd7 14.
a3 Ba5 15. Nc5 Bb6 16. Nxb7 Rc8 17. Bd3 Rxc2 18. Qxc2 Bc6 19. Nc5 Bxf3 20.
Bh7+ Kh8 21. Be4 Nc6 22. Bxf3 Nxd4 23. Qe4 Nxf3+ 24. Qxf3 Rc8 25. Ne4 Kg8
26. g3 Bd4 27. b4 f5 28. Nc5 Bxc5 29. bxc5 Rxc5 30. Rb1 Rc7 31. a4 Kh7 32.
a5 Qd6 33. h4 Rc5 34. Ra1 Qe5 35. Qa3 a6 36. Qa2 Qd5 37. Qa3 e5 38. Re1
Rxa5 39. Qe7 e4 40. h5 Qe5 41. Qf7 Qf6 42. Qc7 Rd5 43. Qb7 Qd6 44. Kg2 a5
45. Rc1 Rc5 46. Rb1 Rc2 47. Qf7 Qc5 48. Qg6+ 1-0

[Event "World Blitz Women 2023"]
[Site "Samarkand UZB"]
[Date "2023.12.30"]
[Round "15.4"]
[White "Assaubayeva, Bibisara"]
[Black "Lagno, Kateryna"]
[Result "1-0"]
[WhiteElo "2476"]
[BlackElo "2522"]
[EventDate "2023.12.29"]

1. d4 Nf6 2. c4 e6 3. Nf3 d5 4. Nc3 Nbd7 5. Qc2 c5 6. cxd5 Nxd5 7. Bg5 Be7
8. Bxe7 Qxe7 9. Nxd5 exd5 10. dxc5 Nxc5 11. e3 O-O 12. Bd3 Nxd3+ 13. Qxd3
Bg4 14. Nd4 Qg5 15. Qd2 h5 16. O-O h4 17. f4 Qf6 18. h3 Bh5 19. f5 Rfe8 20.
Rf4 Re5 21. Qf2 Re4 22. Rxe4 dxe4 23. Qf4 Re8 24. Rc1 Re7 25. Rc8+ Kh7 26.
Qb8 g6 27. Qf4 Re5 28. fxg6+ Kg7 29. Rg8+ 1-0

[Event "World Blitz Women 2023"]
[Site "Samarkand UZB"]
[Date "2023.12.30"]
[Round "15.5"]
[White "Munkhzul, Turmunkh"]
[Black "Muzychuk, Anna"]
[Result "1/2-1/2"]
[WhiteElo "2211"]
[BlackElo "2447"]
[EventDate "2023.12.29"]

1. e4 e5 2. Nf3 Nc6 3. Bb5 a6 4. Bxc6 dxc6 5. Nc3 f6 6. d4 exd4 7. Qxd4
Qxd4 8. Nxd4 c5 9. Nde2 Be6 10. Be3 O-O-O 11. f3 b6 12. Kf2 Bd6 13. Rad1
Ne7 14. Bf4 Kb7 15. Bxd6 cxd6 16. Nf4 Bf7 17. Ncd5 Rhe8 18. Rhe1 Nxd5 19.
Nxd5 Kc6 20. a3 b5 21. Re2 f5 22. Nc3 fxe4 23. Nxe4 Bg6 24. Rde1 d5 25. Ng5
Rxe2+ 26. Rxe2 Rd6 27. Ke1 h6 28. Nh3 Bf5 29. Nf2 d4 30. Kd2 Re6 31. Rxe6+
Bxe6 32. h4 c4 33. Ne4 Kd5 34. Ng3 Ke5 35. Ne2 g5 36. hxg5 hxg5 37. c3
dxc3+ 38. Kxc3 a5 39. Kd2 b4 40. axb4 axb4 41. Ke3 Bf5 42. Nd4 Bd7 43. g3
Kd5 44. Ne2 Ba4 45. f4 gxf4+ 46. Nxf4+ Kc5 47. Ne2 Bd1 48. Kd2 Bxe2 49.
Kxe2 c3 50. bxc3 bxc3 51. Kd3 Kb4 52. Kc2 Kc4 53. g4 Kd4 54. g5 Ke5 55.
Kxc3 Kf5 56. g6 Kxg6 1/2-1/2

[Event "World Blitz Women 2023"]
[Site "Samarkand UZB"]
[Date "2023.12.30"]
[Round "15.6"]
[White "Ju, Wenjun"]
[Black "Wagner, Dinara"]
[Result "1-0"]
[WhiteElo "2522"]
[BlackElo "2350"]
[EventDate "2023.12.29"]

1. d4 Nf6 2. c4 e6 3. Nf3 d5 4. Nc3 Bb4 5. Qa4+ Nc6 6. e3 O-O 7. Bd2 Re8 8.
a3 Bf8 9. Qc2 dxc4 10. Bxc4 e5 11. Ng5 Be6 12. d5 Nd4 13. exd4 Bg4 14. O-O
h6 15. dxe5 hxg5 16. exf6 Qxf6 17. Rae1 Qh6 18. Qd3 Bd6 19. h3 Bd7 20. Ne4
Bf5 21. Qf3 Qg6 22. Nxd6 cxd6 23. Rxe8+ Rxe8 24. Re1 Rc8 25. Bb3 g4 26.
hxg4 Bxg4 27. Qg3 Qh5 28. Bc3 f6 29. f3 Bf5 30. Bxf6 Bg6 31. Bc3 Rc7 32.
Qxd6 Rf7 33. Qg3 a5 34. d6 a4 35. Bxf7+ 1-0

[Event "World Blitz Women 2023"]
[Site "Samarkand UZB"]
[Date "2023.12.30"]
[Round "15.7"]
[White "Goryachkina, Aleksandra"]
[Black "Charochkina, Daria"]
[Result "0-1"]
[WhiteElo "2475"]
[BlackElo "2254"]
[EventDate "2023.12.29"]

1. e4 c6 2. d4 d5 3. exd5 cxd5 4. c4 Nf6 5. Nc3 Nc6 6. Nf3 a6 7. h3 g6 8.
c5 Bg7 9. Bd3 O-O 10. O-O b6 11. cxb6 Qxb6 12. Na4 Qa7 13. Be3 Nb4 14. Be2
Bf5 15. Qd2 Nc2 16. Rac1 Nxe3 17. Qxe3 Ne4 18. Nc5 Nxc5 19. Rxc5 Qb7 20. b3
Rfc8 21. Rfc1 Bf8 22. Ne5 Rxc5 23. dxc5 a5 24. c6 Qc7 25. Bb5 d4 26. Qxd4
Bg7 27. f4 g5 28. Qc5 gxf4 29. Nxf7 e6 30. Ng5 Rd8 31. Nf3 Be4 32. Kh1 h6
33. Bc4 Kh8 34. Bxe6 Re8 35. Bg4 Rd8 36. Qc4 Bh7 37. Qe6 Bg8 38. Qe2 a4 39.
Nh4 Bf7 40. Bf5 axb3 41. axb3 f3 42. Qxf3 Qe5 43. Ng6+ Bxg6 44. Bxg6 Qg5
45. Qf1 Qxg6 46. c7 Rc8 47. Qf3 Qd6 48. Qb7 Qd7 49. Qb6 Kh7 50. b4 Be5 51.
Qe3 Bxc7 52. Qe4+ Kg7 53. Qc4 Qd6 54. g3 Kh8 55. Qc3+ Kh7 56. b5 Qd5+ 57.
Kh2 Bxg3+ 58. Qxg3 Qd2+ 59. Qg2 Qxg2+ 0-1

[Event "World Blitz Women 2023"]
[Site "Samarkand UZB"]
[Date "2023.12.30"]
[Round "15.8"]
[White "Dronavalli, Harika"]
[Black "Priyanka, Nutakki"]
[Result "1-0"]
[WhiteElo "2420"]
[BlackElo "2224"]
[EventDate "2023.12.29"]

1. Nf3 d5 2. g3 Nf6 3. Bg2 e6 4. O-O Be7 5. d3 O-O 6. a4 c5 7. Bf4 Nc6 8.
Na3 a6 9. Re1 Nh5 10. Bd2 f5 11. e4 dxe4 12. dxe4 f4 13. Nc4 Qe8 14. Nfe5
fxg3 15. hxg3 Nxe5 16. Nxe5 Nf6 17. Bc3 Rb8 18. a5 b5 19. axb6 Rxb6 20. Nc4
Rb8 21. Nd6 Qg6 22. Nxc8 Rbxc8 23. Rxa6 Ng4 24. Bf3 Nh6 25. Bh5 Qg5 26.
Rxe6 Rcd8 27. Qe2 Bd6 28. e5 Bb8 29. Kg2 Nf5 30. Qg4 Qxg4 31. Bxg4 g6 32.
Bxf5 Rxf5 33. Re2 Kf7 34. Rb6 Re8 35. e6+ Kg8 36. Rb7 h5 37. Rg7+ Kf8 38.
e7+ 1-0

[Event "World Blitz Women 2023"]
[Site "Samarkand UZB"]
[Date "2023.12.30"]
[Round "15.9"]
[White "Shuvalova, Polina"]
[Black "Kamalidenova, Meruert"]
[Result "0-1"]
[WhiteElo "2342"]
[BlackElo "2314"]
[EventDate "2023.12.29"]

1. e4 c5 2. Nf3 d6 3. Bb5+ Bd7 4. Bxd7+ Nxd7 5. c3 Ngf6 6. Qe2 e6 7. d4 Be7
8. e5 Nd5 9. O-O cxd4 10. exd6 Bxd6 11. Nxd4 N7f6 12. Bg5 h6 13. Bh4 Nf4
14. Qf3 O-O 15. Nd2 Ng6 16. Bxf6 Qxf6 17. Qxf6 gxf6 18. Ne4 Be7 19. f4 f5
20. Nd2 Bc5 21. Nb3 Bb6 22. g3 Rfd8 23. Kg2 Ne7 24. a4 Nd5 25. Kf3 a6 26.
a5 Ba7 27. Rfd1 Rac8 28. Rd3 Nf6 29. Rad1 Rd5 30. Ke2 Rcd8 31. Nf3 Kf8 32.
Rxd5 Rxd5 33. Rxd5 Nxd5 34. Nbd2 Ke7 35. Kd3 Nf6 36. b4 Ng4 37. c4 f6 38.
Ke2 Ne3 39. Kd3 Ng4 40. Ke2 Ne3 41. b5 Nc2 42. Kd3 Nb4+ 43. Kc3 Na2+ 44.
Kb3 Nc1+ 45. Kc2 Ne2 46. b6 Bb8 47. Kd3 Nc1+ 48. Kc2 Na2 49. Kb3 Nc1+ 50.
Kc3 Bd6 51. Kc2 Na2 52. Nb3 Nb4+ 53. Kc3 Nc6 54. c5 Bb8 55. Kc4 e5 56. Kd5
Kd7 57. h3 Ne7+ 58. Kc4 exf4 59. gxf4 Bxf4 60. Nbd4 Be5 61. Nb3 Nc6 62. Kd5
Bc3 63. Nh4 f4 64. Ke4 Bxa5 65. Kxf4 Bc3 66. Ke4 a5 67. Kd5 a4 68. Nc1 a3
69. Kc4 Bb2 70. Na2 Ke6 71. Kb5 f5 72. Ng6 Kd5 73. Nf4+ Ke4 74. Ne6 f4 75.
Kc4 f3 76. Nc3+ Bxc3 77. Kxc3 f2 0-1

[Event "World Blitz Women 2023"]
[Site "Samarkand UZB"]
[Date "2023.12.30"]
[Round "15.10"]
[White "Toncheva, Nadya"]
[Black "Tan, Zhongyi"]
[Result "1/2-1/2"]
[WhiteElo "2162"]
[BlackElo "2519"]
[EventDate "2023.12.29"]

1. e4 d6 2. d4 Nf6 3. Nc3 g6 4. Be3 a6 5. Bc4 b5 6. Bd3 Bb7 7. a3 Nbd7 8.
h3 Bg7 9. Nf3 O-O 10. Qd2 c5 11. d5 c4 12. Be2 Qc7 13. O-O Nc5 14. e5 dxe5
15. Rfe1 Rad8 16. Rad1 Nxd5 17. Nxd5 Rxd5 18. Qb4 Ne6 19. Rxd5 Bxd5 20. Rd1
Bxf3 21. Bxf3 Nd4 22. Bxd4 exd4 23. a4 Rb8 24. axb5 axb5 25. Ra1 e6 26. Ra8
Rxa8 27. Bxa8 Qb6 28. Be4 Bf6 29. Qa3 Kg7 30. Bf3 b4 31. Qa2 Qc5 32. Qa6
Be5 33. Qc6 Qa5 34. g3 Qa1+ 35. Kg2 Qxb2 36. Qxc4 h5 37. Be4 h4 38. gxh4
Qc1 39. Qe2 Qf4 40. Qf3 Qh2+ 41. Kf1 f5 42. Bd3 Kf6 43. Bc4 Qf4 44. Qxf4
Bxf4 45. Be2 e5 46. h5 g5 47. Bc4 e4 48. h6 Be5 49. Ke2 f4 50. f3 Kf5 51.
fxe4+ Kxe4 52. Bd3+ Kd5 53. Kf3 Ke6 54. h7 Bg7 55. Kg4 Kf6 56. h4 gxh4 57.
Kxh4 Bh8 58. Kg4 Ke5 59. Kf3 Bg7 60. Kg4 Bh8 61. Kf3 1/2-1/2

[Event "World Blitz Women 2023"]
[Site "Samarkand UZB"]
[Date "2023.12.30"]
[Round "15.11"]
[White "Muzychuk, Mariya"]
[Black "Shukhman, Anna"]
[Result "1-0"]
[WhiteElo "2443"]
[BlackElo "2093"]
[EventDate "2023.12.29"]

1. e4 Nf6 2. e5 Nd5 3. d4 d6 4. Nf3 g6 5. Bc4 Nb6 6. Bb3 Bg7 7. O-O O-O 8.
h3 c5 9. dxc5 dxc5 10. c3 Bf5 11. Bf4 Nc6 12. Nbd2 Qd3 13. Re1 Rad8 14. Rc1
c4 15. Bc2 Qd7 16. Ne4 Nd5 17. Bg3 b6 18. Qe2 Na5 19. Rcd1 Qb5 20. Nd4 Qxb2
21. Rb1 Qxa2 22. Ra1 Qb2 23. Reb1 Nxc3 24. Rxb2 Nxe2+ 25. Nxe2 Rd5 26. N2c3
Rd4 27. Rbb1 Rfd8 28. Re1 Nc6 29. f4 Nb4 30. Rac1 Nxc2 31. Rxc2 b5 32. Bf2
b4 33. Bxd4 Rxd4 34. Nb5 Rxe4 35. Rxe4 Bxe4 36. Rxc4 Bd3 37. Rxb4 Bf8 38.
Nxa7 e6 39. Rb8 Kg7 40. Nc6 Bc5+ 41. Kh2 Be4 42. Nb4 h5 43. Rb5 Be3 44. g3
h4 45. Na2 Bf2 46. gxh4 Bxh4 47. Nc3 Bd3 48. Rb7 Be1 49. Nb5 Bd2 50. Kg3
Be4 51. Rc7 Be1+ 52. Kh2 Bd2 53. Kg3 Be1+ 54. Kg4 Bf5+ 55. Kf3 Bxh3 56. Nd6
Bb4 57. Rxf7+ Kg8 58. Rb7 Bf1 59. Rxb4 1-0

[Event "World Blitz Women 2023"]
[Site "Samarkand UZB"]
[Date "2023.12.30"]
[Round "15.12"]
[White "Khotenashvili, Bella"]
[Black "Divya, Deshmukh"]
[Result "0-1"]
[WhiteElo "2358"]
[BlackElo "2315"]
[EventDate "2023.12.29"]

1. Nf3 d5 2. g3 Nc6 3. d4 Bf5 4. Bg2 e6 5. O-O Nb4 6. Na3 Nf6 7. c3 Nc6 8.
Nc2 Bd6 9. Nce1 O-O 10. Nd3 Ne4 11. Nh4 h6 12. f3 Nf6 13. f4 Bh7 14. Be3
Ne7 15. Bf2 Nf5 16. Nf3 Ne4 17. Qe1 h5 18. h3 f6 19. Nd2 Nh6 20. Nxe4 dxe4
21. Nc5 Bxc5 22. dxc5 Qe7 23. Qd1 Rad8 24. Qb3 c6 25. Rfd1 Kh8 26. Rxd8
Rxd8 27. Rd1 Rf8 28. Rd6 e5 29. Qe6 Qxe6 30. Rxe6 e3 31. Be1 Nf5 32. g4 Bg8
33. gxf5 Bxe6 34. fxe6 exf4 35. Be4 Re8 36. Bf5 g6 37. Bd3 Rxe6 38. Kg2 g5
39. Kf3 Re5 40. b4 Kg7 41. c4 Re8 42. a4 Rh8 43. Bc3 Rd8 44. h4 Kf7 45. b5
gxh4 46. Kxf4 Rg8 47. Bf5 Rg2 48. Kxe3 Rg3+ 49. Kd2 h3 50. bxc6 bxc6 51.
Be4 h2 52. Bxc6 Rg1 53. Bd5+ Ke7 54. c6 h1=Q 55. Bxh1 Rxh1 56. Bxf6+ Kd6
57. Bd4 a6 58. Ke3 Rh4 59. Kd3 Kxc6 60. e4 Rg4 61. e5 h4 62. c5 h3 63. e6
h2 64. e7 Rg8 0-1

[Event "World Blitz Women 2023"]
[Site "Samarkand UZB"]
[Date "2023.12.30"]
[Round "15.13"]
[White "Borisova, Ekaterina"]
[Black "Munguntuul, Batkhuyag"]
[Result "1/2-1/2"]
[WhiteElo "2130"]
[BlackElo "2348"]
[EventDate "2023.12.29"]

1. Nf3 d5 2. g3 Nf6 3. Bg2 Bg4 4. h3 Bh5 5. O-O Nbd7 6. d3 e5 7. c4 c6 8.
cxd5 cxd5 9. g4 Bg6 10. Nh4 Nb6 11. a4 Bc5 12. e3 a5 13. Nxg6 hxg6 14. Nc3
O-O 15. Nb5 Qe7 16. Bd2 Rfd8 17. Qe2 e4 18. Rfc1 Nfd7 19. d4 Bb4 20. b3
Rac8 21. Bf1 Nb8 22. Bxb4 Qxb4 23. Rxc8 Rxc8 24. Qb2 Nc4 25. Qc2 Nd6 26.
Qb2 Nc6 27. Rc1 Re8 28. Qc3 Nxb5 29. Bxb5 Re6 30. Qxb4 Nxb4 31. Rc8+ Kh7
32. Rc7 f5 33. g5 b6 34. Kg2 Kg8 35. Kg3 Kf8 36. h4 Re7 37. Rc8+ Kf7 38.
Kf4 Ke6 39. Rb8 Rc7 40. Rxb6+ Kf7 41. Kg3 Nd3 42. Rb8 Rc1 43. Be8+ Ke7 44.
Bxg6 Rg1+ 45. Kh2 Rf1 46. Rb7+ Kd6 47. Rb6+ Kc7 48. Rb5 Rxf2+ 49. Kg1 f4
50. exf4 Rxf4 51. Rxd5 Rxh4 52. Rxa5 Nf4 53. Bxe4 Ne2+ 54. Kf2 Rxe4 55.
Ra7+ Kb6 56. Rxg7 Nxd4 57. g6 Rg4 58. Rg8 Nxb3 59. Rb8+ Ka7 60. Rxb3 Rxg6
1/2-1/2

[Event "World Blitz Women 2023"]
[Site "Samarkand UZB"]
[Date "2023.12.30"]
[Round "15.14"]
[White "Bodnaruk, Anastasia"]
[Black "Mkrtchyan, Mariam"]
[Result "0-1"]
[WhiteElo "2260"]
[BlackElo "2150"]
[EventDate "2023.12.29"]

1. e4 e5 2. Nf3 Nc6 3. Bb5 a6 4. Ba4 Nf6 5. O-O Nxe4 6. Re1 Nc5 7. Bxc6
dxc6 8. Nxe5 Be7 9. d4 Ne6 10. Be3 O-O 11. c4 Re8 12. Nc3 f6 13. Nf3 Nf8
14. h3 Be6 15. b3 Qd7 16. Nh4 Rad8 17. Qh5 Bb4 18. Rac1 Qf7 19. Qxf7+ Kxf7
20. g4 Bc8 21. Red1 Ng6 22. Nf3 Rh8 23. Kg2 h5 24. g5 Rhe8 25. Ne2 Ba3 26.
Ra1 Bd6 27. a4 Bf5 28. c5 Bf8 29. Nc3 Be6 30. b4 Bb3 31. Rd2 Bc4 32. Rb2 b6
33. Nd2 Bd3 34. Kg3 Ne7 35. Nb3 Nf5+ 36. Kf3 Bc4 37. Rd1 Nh4+ 38. Kg3 Nf5+
39. Kf4 Ne7 40. Nd2 Nd5+ 41. Nxd5 Bxd5 42. Rg1 Re6 43. h4 Rde8 44. Rbb1 g6
45. Rbc1 Bg7 46. cxb6 cxb6 47. a5 b5 48. Kg3 fxg5 49. hxg5 Bf8 50. Nf3 Bd6+
51. Kg2 Bxb4 52. Bf4 Bd6 53. Bxd6 Rxd6 0-1

[Event "World Blitz Women 2023"]
[Site "Samarkand UZB"]
[Date "2023.12.30"]
[Round "15.15"]
[White "Omonova, Umida"]
[Black "Lei, Tingjie"]
[Result "1/2-1/2"]
[WhiteElo "2304"]
[BlackElo "2530"]
[EventDate "2023.12.29"]

1. e4 e5 2. Nf3 Nc6 3. Bc4 Nf6 4. d3 Bc5 5. O-O d6 6. Nbd2 h6 7. c3 Bb6 8.
a4 a5 9. Re1 Ne7 10. Nf1 Ng6 11. d4 O-O 12. Ng3 exd4 13. Nxd4 d5 14. exd5
Nxd5 15. Qf3 c6 16. Ngf5 Nh4 17. Nxh4 Qxh4 18. g3 Qd8 19. Nf5 Kh8 20. Bd2
Be6 21. Rad1 Qf6 22. Bd3 Rad8 23. Bc1 Rfe8 24. Nh4 Qxf3 25. Nxf3 Nc7 26.
Bc2 Rxd1 27. Rxd1 Bg4 28. Kg2 Re2 29. Rd2 Rxd2 30. Bxd2 Nd5 31. Ne5 Be6 32.
f4 f6 33. Nd3 Ne3+ 34. Bxe3 Bxe3 35. Kf3 Bg1 36. h4 Bd5+ 37. Ke2 Kg8 38. b3
Kf8 39. c4 Be6 40. Kf3 h5 41. Nf2 Kf7 42. Ne4 Bg4+ 43. Kg2 Bb6 44. Kf1 Ke7
45. Bd3 Bd1 46. c5 Bc7 47. Nd2 Bg4 48. Be2 Bxe2+ 49. Kxe2 Ke6 50. Kd3 Kd5
51. Ne4 b6 52. cxb6 Bxb6 53. Nd2 Bf2 54. Ne4 Be1 55. Ke3 c5 56. f5 c4 57.
bxc4+ Kxc4 58. Kf3 Kb3 59. Nc5+ Kb4 60. Nd3+ Kxa4 61. Nxe1 Kb3 62. Nd3 a4
63. Nc5+ Kb4 1/2-1/2

[Event "World Blitz Women 2023"]
[Site "Samarkand UZB"]
[Date "2023.12.30"]
[Round "15.16"]
[White "Nomin-Erdene, Davaademberel"]
[Black "Mammadzada, Gunay"]
[Result "0-1"]
[WhiteElo "2299"]
[BlackElo "2408"]
[EventDate "2023.12.29"]

1. e4 c5 2. Nf3 d6 3. d4 cxd4 4. Nxd4 Nf6 5. Nc3 a6 6. Be3 e5 7. Nf3 Qc7 8.
a4 Be7 9. a5 Be6 10. Be2 h6 11. O-O O-O 12. Ne1 Nbd7 13. Nd5 Nxd5 14. exd5
Bf5 15. c4 Bh7 16. b4 f5 17. f4 Bf6 18. Rc1 Rae8 19. Qd2 exf4 20. Bxf4 g5
21. Be3 f4 22. Bf2 Ne5 23. Nd3 Nxc4 24. Qa2 Qe7 25. Nxf4 Ne3 26. Ne6 Nxf1
27. Bxf1 Rc8 28. Re1 Rc2 29. Qb3 Rxf2 30. Kxf2 Bc3+ 31. Ke2 Bxe1 32. Kxe1
Rc8 33. Qb2 Qf7 34. Be2 Rc2 35. Qd4 Rc1+ 36. Kd2 Rc2+ 37. Ke1 Bg6 38. Qb6
Rc1+ 39. Kd2 Rc2+ 40. Ke1 Qf6 41. Qe3 Qc3+ 42. Qxc3 Rxc3 43. b5 axb5 44.
Bxb5 Rc1+ 45. Kd2 Rc2+ 46. Ke3 Rxg2 47. Nd8 Rb2 48. Bd7 Bf7 49. Ke4 Rb4+
50. Kf5 Bxd5 51. Kg6 Rb2 52. h3 Kf8 53. Bc8 Ke7 54. a6 bxa6 55. Bxa6 Kxd8
56. Kxh6 Bg2 57. Kxg5 Bxh3 58. Kf4 Ke7 0-1

[Event "World Blitz Women 2023"]
[Site "Samarkand UZB"]
[Date "2023.12.30"]
[Round "15.17"]
[White "Ni, Shiqun"]
[Black "Khademalsharieh, Sarasadat"]
[Result "1/2-1/2"]
[WhiteElo "2270"]
[BlackElo "2395"]
[EventDate "2023.12.29"]

1. e4 e5 2. Nf3 Nc6 3. d4 exd4 4. Bc4 Bc5 5. Ng5 Nh6 6. Nxf7 Nxf7 7. Bxf7+
Kxf7 8. Qh5+ g6 9. Qxc5 d5 10. O-O dxe4 11. c3 Qd6 12. Qxd6 cxd6 13. cxd4
Nxd4 14. Nc3 Bf5 15. Bh6 Rhd8 16. Rad1 Ne6 17. h3 Nc5 18. Rd4 d5 19. Rxd5
Rxd5 20. Nxd5 Rd8 21. Nc3 a5 22. g4 Be6 23. Re1 Nd3 24. Rxe4 Nxb2 25. Rf4+
Kg8 26. Ne4 Nd3 27. Rf3 Ne5 28. Rf4 Nf7 29. Nf6+ Kh8 30. Re4 Bxa2 31. Re7
a4 32. Rxb7 Be6 33. Ra7 a3 34. g5 a2 35. Kh2 Rc8 36. h4 Rd8 37. Kg2 Rc8 38.
Kh2 Rd8 39. Kg2 Rc8 40. Kh2 Rd8 41. Kg2 1/2-1/2